|
|
|
|
| LEADER |
00000nab a2200000 a 4500 |
| 001 |
vtls000005786 |
| 003 |
SK-MaSNL |
| 005 |
20260304014805.0 |
| 008 |
241210c1978 xo 0 slo |
| 015 |
|
|
|a SNBRB19rr/mm-uuuuu
|
| 035 |
|
|
|a CL0015879
|
| 040 |
|
|
|a SNKBUCL
|b slo
|c SNKBUCL
|e AACR2
|
| 041 |
0 |
|
|a slo
|
| 044 |
|
|
|a xo
|c SK
|
| 080 |
|
|
|a 82.09:885.4-1(048)
|2 1981
|
| 080 |
|
|
|a 885.4-1(048)
|2 1981
|
| 100 |
1 |
|
|a Ondrušková-Vargová, Bohuslava
|4 aut
|9 1253258
|
| 245 |
1 |
0 |
|a Dve druhé
|c Bohuslava Ondrušková-Vargová
|
| 500 |
|
|
|a Príloha časopisu Nové slovo, č.6, 1978.
|
| 600 |
1 |
7 |
|a Vargová Kuracinová, Beáta,
|d 1948-
|2 snkbucl
|9 193227
|
| 650 |
0 |
7 |
|a slovenská poézia
|2 snkbucl
|9 215422
|
| 655 |
|
7 |
|a recenzie
|2 snkbucl
|9 21907
|
| 655 |
|
7 |
|a články z novín a časopisov
|2 snkbucl
|9 267496
|
| 655 |
|
7 |
|a články z odboru literárna veda a krásna literatúra
|2 snkbucl
|9 770045
|
| 773 |
0 |
|
|t Nové slovo mladých
|g Roč. 20, č. 6 (1978), s. 13
|
| 787 |
0 |
8 |
|i Rec.:
|a Vargová, Beata
|t Náručie
|d Bratislava : Smena, 1978
|
| 850 |
|
|
|a Slovenská národná knižnica
|
| 852 |
|
|
|a Slovenská národná knižnica
|
| 958 |
|
|
|a RK
|
| 958 |
|
|
|a LX
|
| 992 |
|
|
|a RBX
|
| 999 |
|
|
|c 2587692
|d 2589622
|